000 00523nam a2200193Ia 4500
003 GCL
008 140319s9999 xx 000 0 ara d
040 _aGCL /
_cGCL
082 0 4 _a813.03
_bم م
100 1 _aمحمد الباسطى
245 1 0 _aالمقهى الزجاجى و الايام الصعبة /
_cمحمد الباسطى
300 _a125 ص
490 _a
650 0 4 _aالادب العربى
650 0 4 _aالادب
650 0 4 _aالقصص
650 0 4 _aالقصة العربية
942 _2ddc
_cBK
999 _c40672
_d40672